Cuota femenina: circunscripciones electorales y listas de candidaturas, I /

Wedi'i Gadw mewn:
Manylion Llyfryddiaeth
Prif Awdur: Aquino, José Angel
Fformat: Texto
Pynciau:
Tagiau: Ychwanegu Tag
Dim Tagiau, Byddwch y cyntaf i dagio'r cofnod hwn!

MARC

LEADER 00000 a a2200000 04500
001 2904
003
040
100 |a Aquino, José Angel  
245 |a Cuota femenina:   |b circunscripciones electorales y listas de candidaturas, I /  |c José Angel Aquino 
500 |a La segunda parte se encuentra en el vol 28 (1): 90-127, con el no. 19575.02  
650 |a MUJERES  
650 |a PARTICIPACION POLITICA  
650 |a IGUALDAD DE OPORTUNIDADES  
650 |a PODER POLITICO  
650 |a ELECCIONES  
773 |g volumen 27, número 3; páginas 319-356  
999 |c 23475  |d 23475